| 000 | 01219mam a22002894a 4500 | ||
|---|---|---|---|
| 001 | 3025356 | ||
| 005 | 20131016053514.0 | ||
| 008 | 000914s2001 nyu b 001 0 alb | ||
| 020 | _a9951050840 | ||
| 041 | 0 | _aalb | |
| 080 |
_a32 _x(091) |
||
| 245 | 0 | 0 |
_aTeoria diplomatike prej Makiavelit te Kisinxheri / _c[edited by] G.R. Berridge, Maurice Keens-Soper, and T.G. Otte. [Përktheu : Blendi Kraja] |
| 260 |
_aPejë : _bDukagjini ; _c2005 |
||
| 300 |
_aix, 333 p. ; _c20 cm. |
||
| 490 | 1 | _aStudies in diplomacy | |
| 504 | _aParathënie f. : 11 | ||
| 505 | 0 | 0 |
_tMachiavelli / _rG. R. Berridge -- _tGuicciardini / _rG. R. Berridge -- _tGrotius / _rG. R. Berridge -- _tRichelieu / _rG. R. Berridge -- _tWicquefort / _rMaurice Keens-Soper -- _tCallieres / _rMaurice Keens-Soper -- _tSatow / _rT. G. Otte -- _tNicolson / _rT. G. Otte -- _tKissinger / _rT. G. Otte. |
| 520 | 1 | _a"This book offers an introductory guide to four centuries of diplomatic thought."--BOOK JACKET. | |
| 650 | 0 |
_aDiplomacia _xFilozofia |
|
| 650 | 0 | _aDiplomatët | |
| 650 | 0 | _2Politika botërore | |
| 700 | 1 | _aBerridge, Geoff. | |
| 700 | 1 | _aKeens-Soper, H. M. A. | |
| 700 | 1 |
_aOtte, Thomas G., _d1967- |
|
| 830 | 0 | _aStudies in diplomacy. | |
| 942 |
_2udc _cBK |
||
| 999 |
_c122 _d122 |
||